[Event "Stuttgart-chB int"]
[Site "Gerlingen"]
[Date "2007.05.20"]
[Round "7"]
[White "Jaeger, Eckhard"]
[Black "Von Borstel, Andreas"]
[Result "1-0"]
[WhiteElo "1449"]
[BlackElo "1116"]
[PlyCount "75"]
[EventDate "2007.05.17"]
[EventType "swiss"]
[EventRounds "7"]
[EventCountry "GER"]
[SourceTitle "EXT 2018"]
[Source "ChessBase"]
[SourceDate "2017.10.13"]
[SourceVersion "1"]
[SourceVersionDate "2017.10.13"]
[SourceQuality "1"]

1. e4 e5 2. Nf3 Nc6 3. Bb5 a6 4. Ba4 Bc5 5. c3 b5 6. Bc2 Nf6 7. 0-0 0-0 8. d4 exd4 9. cxd4 Bb6 10. Bg5 Qe8 11. Bxf6 gxf6 12. Nc3 Bb7 13. Nd5 Qe6 14. Nxb6 cxb6 15. d5 Qe7 16. dxc6 Bxc6 17. Re1 Kh8 18. Qd4 Rg8 19. Nh4 Rae8 20. f3 Rg5 21. Qf2 Qb4 22. Bb3 d5 23. exd5 Rxe1+ 24. Rxe1 Bxd5 25. Re8+ Kg7 26. Re3 Rh5 27. g4 Rg5 28. Nf5+ Kf8 29. Bxd5 Qf4 30. Qg3 Rxf5 31. Qxf4 Rxf4 32. Be4 Kg7 33. Kg2 f5 34. Kg3 Rxe4 35. fxe4 fxg4 36. Kxg4 Kf6 37. Rf3+ Ke6 38. Kg5 1-0

[Event "Stuttgart-chB int"]
[Site "Gerlingen"]
[Date "2007.05.19"]
[Round "6"]
[White "Michna, Marcus"]
[Black "Jaeger, Eckhard"]
[Result "1-0"]
[WhiteElo "1873"]
[BlackElo "1449"]
[PlyCount "117"]
[EventDate "2007.05.17"]
[EventType "swiss"]
[EventRounds "7"]
[EventCountry "GER"]
[SourceTitle "EXT 2018"]
[Source "ChessBase"]
[SourceDate "2017.10.13"]
[SourceVersion "1"]
[SourceVersionDate "2017.10.13"]
[SourceQuality "1"]

1. d4 Nf6 2. f3 g6 3. Nc3 Bg7 4. e4 d6 5. Be3 0-0 6. Qd2 e5 7. d5 Nbd7 8. 0-0-0 Nb6 9. Bh6 Bd7 10. g4 a5 11. h4 Ne8 12. h5 Bxh6 13. Qxh6 Qf6 14. hxg6 Qxg6 15. Qe3 f6 16. Rd2 Rf7 17. Kb1 Kf8 18. Rdh2 Ke7 19. Bd3 Na4 20. Nge2 Nc5 21. Rh6 Qg5 22. Qxg5 fxg5 23. Rxh7 Ng7 24. Ng3 Rg8 25. Be2 Ne8 26. R7h6 Rf6 27. R6h5 Rfg6 28. Nf5+ Kd8 29. a3 Nf6 30. R5h2 Bxf5 31. exf5 R6g7 32. Rh6 Ke7 33. Bc4 Rf8 34. Nb5 c6 35. dxc6 bxc6 36. Na7 d5 37. Nxc6+ Kd6 38. Bb5 Nb7 39. Rh8 Rfg8 40. Rxg8 Rxg8 41. Rh6 Rf8 42. b4 axb4 43. axb4 e4 44. fxe4 dxe4 45. Nd4 Ke5 46. Ne6 Nxg4 47. Rh7 Rxf5 48. Rxb7 Kxe6 49. Bd7+ Kf6 50. Rb6+ Ke5 51. Rb5+ Kf4 52. Rxf5+ Ke3 53. Rxg5 Nf2 54. Re5 Kd4 55. Re8 e3 56. b5 Ne4 57. Rxe4+ Kxe4 58. Bg4 Kd5 59. Be2 1-0

[Event "Stuttgart-chB int"]
[Site "Ditzingen"]
[Date "2005.05.05"]
[Round "2"]
[White "Kellner, Juergen"]
[Black "Jaeger, Eckhard"]
[Result "0-1"]
[WhiteElo "1212"]
[BlackElo "1500"]
[PlyCount "60"]
[EventDate "2005.05.05"]
[EventType "swiss"]
[EventRounds "7"]
[EventCountry "GER"]
[SourceTitle "EXT 2018"]
[Source "ChessBase"]
[SourceDate "2017.10.13"]
[SourceVersion "1"]
[SourceVersionDate "2017.10.13"]
[SourceQuality "1"]

1. Nf3 Nf6 2. d4 g6 3. e3 Bg7 4. g3 0-0 5. Bg2 c6 6. 0-0 d5 7. Nbd2 Nbd7 8. c3 Qc7 9. Re1 Re8 10. b3 e5 11. c4 e4 12. Nh4 Nf8 13. f4 Ne6 14. Bb2 b6 15. Rf1 Ba6 16. Rc1 Rad8 17. Rf2 c5 18. Bh1 Qe7 19. Ba1 cxd4 20. Ng2 dxe3 21. Nxe3 d4 22. Nd5 Nxd5 23. cxd5 e3 24. Rf3 exd2 25. Qxd2 Rxd5 26. Rf2 Rd6 27. Be4 Nc5 28. Bg2 Ne4 29. Bxe4 Qxe4 30. Rc7 Qe1+ 0-1